=LDR 00000nam 2200000 4500 =001 NUTBA000000000004924 =005 20141014112057.0 =006 =007 =008 =020 ##$$a 978-979-007-441-5 =035 ##$$0010-101400000000154 =082 ##$$a 352.130.26 =100 ##$$a ida zuraida =245 ##$$a teknik penyusunanj peraturan daerah tentang pajak daerah dan retribusi =250 ##$$a Cet.1 =260 ##$$a jakarta $b sinar grafika, 2012 $c 2012 =300 ##$$a xv, 222 hlm $c 20 cm =990 ##$$a 0001/BPAP-NTB/20142014 =990 ##$$a 0001/BPAP-NTB/2016